00924nam a22002177a 4500003000500000005001700005008004100022010001100063011001100074035001100085040000900096100003000105245023600135260004000371500006000411502010100471650002700572650002200599650002100621856006400642CHAP20220329143907.0120620s2012 mx r 00010 spa d a103392 a104364 a115054 cCHAP1 aDíaz Gómez, Moisés.10aEstudio de factibilidad técnico-económico para la producción y acondicionamiento de jitomate (Lycopersicum esculentum L.) en el municipio de Ángel Álbino Corzo Chiapas, Méxicoh[En línea]c/por Moisés Díaz Gómez aChapingo, Méx. :bEl autor,c2012 aPara ver el contenido del material haga clic en la liga aTesis (Ing. Agr. Esp. en Ingeniería Agroindustrial) -- Departamento de Ingeniería Industrial04aCultivosxRendimiento.04aTomatexMercadeo.04aTomatezChiapas. 3Finding aiduhttp://10.13.5.2/tesis/115054.pdfzTeclea aqui